The arts of the Anglican Counter-Reformation : (Record no. 18147)
[ view plain ]
| 000 -LEADER | |
|---|---|
| fixed length control field | 01317cam a22003257a 4500 |
| 001 - CONTROL NUMBER | |
| control field | 14675294 |
| 005 - DATE AND TIME OF LATEST TRANSACTION | |
| control field | 20161202160916.0 |
| 008 - FIXED-LENGTH DATA ELEMENTS--GENERAL INFORMATION | |
| fixed length control field | 061219s2006 enkaf b 001 0 eng |
| 010 ## - LIBRARY OF CONGRESS CONTROL NUMBER | |
| LC control number | 2006299908 |
| 015 ## - NATIONAL BIBLIOGRAPHY NUMBER | |
| National bibliography number | GBA639199 |
| Source | bnb |
| 016 7# - NATIONAL BIBLIOGRAPHIC AGENCY CONTROL NUMBER | |
| Record control number | 013443145 |
| Source | Uk |
| 020 ## - INTERNATIONAL STANDARD BOOK NUMBER | |
| International Standard Book Number | 1843832089 (hbk.) |
| 035 ## - SYSTEM CONTROL NUMBER | |
| System control number | (OCoLC)ocm65767598 |
| 035 ## - SYSTEM CONTROL NUMBER | |
| System control number | (OCoLC)65767598 |
| 040 ## - CATALOGING SOURCE | |
| Original cataloging agency | UKM |
| Transcribing agency | UKM |
| Modifying agency | BAKER |
| -- | BWKUK |
| -- | IXA |
| -- | YDXCP |
| -- | DLC |
| 042 ## - AUTHENTICATION CODE | |
| Authentication code | lccopycat |
| 050 00 - LIBRARY OF CONGRESS CALL NUMBER | |
| Classification number | N7860 |
| Item number | .P37 2006 |
| 100 1# - MAIN ENTRY--PERSONAL NAME | |
| Personal name | Parry, Graham. |
| 245 14 - TITLE STATEMENT | |
| Title | The arts of the Anglican Counter-Reformation : |
| Remainder of title | glory, laud and honour / |
| Statement of responsibility, etc. | Graham Parry. |
| 260 ## - PUBLICATION, DISTRIBUTION, ETC. (IMPRINT) | |
| Place of publication, distribution, etc. | Woodbridge, UK ; |
| -- | Rochester, NY : |
| Name of publisher, distributor, etc. | Boydell Press, |
| Date of publication, distribution, etc. | 2006. |
| 300 ## - PHYSICAL DESCRIPTION | |
| Extent | xi, 207 p., [28] p. of plates : |
| Other physical details | ill. ; |
| Dimensions | 24 cm. |
| 504 ## - BIBLIOGRAPHY, ETC. NOTE | |
| Bibliography, etc | Includes bibliographical references (p. 193-199) and index. |
| 650 #0 - SUBJECT ADDED ENTRY--TOPICAL TERM | |
| Topical term or geographic name as entry element | Christian art and symbolism |
| Geographic subdivision | England |
| Chronological subdivision | Modern period, 1500- |
| 650 #0 - SUBJECT ADDED ENTRY--TOPICAL TERM | |
| Topical term or geographic name as entry element | Counter-Reformation |
| Geographic subdivision | England. |
| 942 ## - ADDED ENTRY ELEMENTS (KOHA) | |
| Source of classification or shelving scheme | |
| Koha item type | Hard Covered Materials |
| Classification part | N7860 .P37 2006 |
| Withdrawn status | Lost status | Source of classification or shelving scheme | Damaged status | Not for loan | Home library | Current library | Shelving location | Date acquired | Source of acquisition | Total Checkouts | Full call number | Barcode | Date last seen | Price effective from | Koha item type |
|---|---|---|---|---|---|---|---|---|---|---|---|---|---|---|---|
| MACHAKOS UNIVERSITY LIBRARY | MACHAKOS UNIVERSITY LIBRARY | Open shelf | 02/12/2016 | Donation(B.F.A) | N7860 .P37 2006 | 28526 | 07/06/2019 | 02/12/2016 | Hard Covered Materials |